01013cam a22002895a 4500001001400000003000400014005001700018008004100035020001800076020001500094040004200109082002100151245007700172250001200249260005000261300003400311500002400345504004100369650005200410650003500462651001000497653002200507700003200529942000800561999001700569952013700586ssib023741007OSt20201128023726.0160401t2016 nyua frb 001 0 eng d a9781259587276 a1259587274 aWaSeSScWaSeSSdWaSeSSdEG-ScBUEbeng04222a690.068bOBR10aCPM in construction management /cJames J. O'Brien, Fredric L. Plotnick. a8th ed. a[New York] :bMcGraw-Hill Education,cc.2016. axix, 715 p. :bill. ;c24 cm. aIndex : p. 707-715. aIncludes bibliographical references. 72BUEsh91204aConstruction industryxmanagement. 7aCritical path analysis.2BUEsh 2BUEsh bBUSADMcApril20161 aPlotnick, Fredric L.923111 2ddc c21651d21623 00102ddc40708AlahramaMAINbMAINc1STd2016-04-18ePurchaseg988.00l0o690.068 OBRp000032378r2025-07-15 00:00:00v1235.00yBB